Estadísticas para Mejores Jugadores de Fútbol por Foto

Haz click aquí para intentar la prueba.

Estadísticas generales

  • Esta prueba ha sido intentada 293 veces
  • La puntuación promedio es 23 de 32

Estadísticas de respuestas

Respuesta% Correcto
Lionel Messi
100%
Cristiano Ronaldo
99%
Diego Maradona
99%
Pelé
98%
Zinedine Zidane
97%
Ronaldo Nazario
95%
Andrés Iniesta
92%
Johan Cruyff
92%
Xavi
90%
Ronaldinho
89%
Manuel Neuer
83%
Alfredo Di Stefano
80%
Paolo Maldini
79%
Franz Beckenbauer
75%
George Best
74%
Garrincha
70%
Lev Yashin
70%
Ruud Gullit
70%
Ferenc Puskas
69%
Gerd Müller
68%
Michel Platini
68%
Sócrates
68%
Eusebio
66%
Romario
63%
Zico
55%
Lothar Matthaus
53%
Bobby Charlton
48%
Carlos Alberto
47%
Franco Baresi
47%
Marco Van Basten
45%
Giuseppe Meazza
10%
Raymond Kopa
5%

Distribución de puntuación

Porcentaje por número respondido

Porcentaje de gente con cada puntuación

Historial de tus puntuaciones

No has intentado esta prueba.